| Tag |
First Indicator |
Second Indicator |
Subfields |
| LEADER |
00000cam a2200000 a 4500 |
| 001 |
in00001039607 |
| 005 |
20150928154738.0 |
| 008 |
830108s1966 txua b 00010 eng d |
| 035 |
|
|
|a (OCoLC)09113255
|
| 035 |
|
|
|9 AFJ3408AM
|
| 040 |
|
|
|a MCE
|c MCE
|d m/c
|d TXA
|d UtOrBLW
|
| 041 |
0 |
|
|a eng
|
| 049 |
1 |
|
|a TXA2
|
| 090 |
|
|
|a HE203
|b .T43 no. 33-4
|
| 100 |
1 |
|
|a Hirsch, Teddy J.
|
| 245 |
1 |
0 |
|a Impact load-deformation properties of pile cushioning materials /
|c by T. J. Hirsch and Thomas C. Edwards.
|
| 264 |
|
1 |
|a College Station, Tex. :
|b Texas Transportation Institute,
|c 1966.
|
| 300 |
|
|
|a 12 pages :
|b illustrations ;
|c 28 cm.
|
| 336 |
|
|
|a text
|b txt
|2 rdacontent
|
| 337 |
|
|
|a unmediated
|b n
|2 rdamedia
|
| 338 |
|
|
|a volume
|b nc
|2 rdacarrier
|
| 490 |
1 |
|
|a Research report / Texas Transportation Institute ;
|v 33-4
|
| 504 |
|
|
|a Bibliography: page 12.
|
| 500 |
|
|
|a Piling behavior, Research project number 2-5-62-33.
|
| 650 |
|
0 |
|a Piling (Civil engineering)
|
| 700 |
1 |
|
|a Edwards, Thomas C.
|
| 710 |
1 |
|
|a Texas.
|b Highway Department.
|
| 710 |
2 |
|
|a Texas Transportation Institute.
|g Project no. 2-5-62-33.
|
| 710 |
1 |
|
|a United States.
|b Bureau of Public Roads.
|
| 740 |
0 |
|
|a Piling behavior.
|
| 830 |
|
0 |
|a Research report (Austin, Tex.) ;
|v 33-4.
|
| 999 |
|
|
|a MARS
|
| 999 |
f |
f |
|s 7264f2b9-5104-36d5-bbe9-f4a6d9fe5b3b
|i 7d1dcf9d-0923-336f-ba1d-f1eb8519f33f
|t 0
|
| 952 |
f |
f |
|p noncirc
|a Texas A&M University
|b College Station
|c Cushing Memorial Library & Archives
|s cush tamu
|d Cushing: Texas A&M (Does not check out)
|t 0
|e HE203 .T43 no.33-4
|h Library of Congress classification
|i unmediated -- volume
|
| 952 |
f |
f |
|p ric
|a Texas A&M University
|b Rellis Campus
|c Joint Library Facility
|s JLF
|d Remote Storage
|t 0
|e HE203 .T43 no.33-4
|h Library of Congress classification
|i unmediated -- volume
|m A14810847639
|
| 998 |
f |
f |
|a HE203 .T43 no.33-4
|t 0
|l Cushing: Texas A&M (Does not check out)
|
| 998 |
f |
f |
|a HE203 .T43 no.33-4
|t 0
|l Remote Storage
|